|
|
|
|
| LEADER |
01130nam a22003137a 4500 |
| 001 |
43538 |
| 003 |
BD-DhAAL |
| 005 |
20250817144500.0 |
| 008 |
241028t2001 enka|||| |||| 00| 0 eng d |
| 020 |
|
|
|a 034080243X
|
| 040 |
|
|
|a BD-DhAAL
|d BD-DhAAL
|
| 082 |
|
|
|a 650
|2 22
|
| 100 |
|
|
|a Goff, Philip.
|9 57067
|
| 245 |
|
|
|a Test your e-skills /
|c Philip Goff. series editors Gsreth Lewis and Gene Crozier.
|
| 260 |
|
|
|a London :
|b Hodder & Stoughton,
|c 2001.
|
| 300 |
|
|
|a 96 pages ;
|c 20 cm.
|
| 490 |
|
|
|a Test yourself
|
| 500 |
|
|
|a At head of cover title: Institute of Management
|
| 541 |
|
|
|a Savar Campus Library
|e 43538
|
| 650 |
|
|
|a Business.
|
| 650 |
|
|
|a Success in business.
|
| 650 |
|
|
|a Industrial management.
|
| 700 |
|
|
|a Lewis, Gsreth.
|9 57131
|
| 700 |
|
|
|a Crozier, Gene.
|9 11408
|
| 710 |
|
|
|a Institute of Management.
|
| 830 |
|
|
|a Test yourself
|9 57071
|
| 942 |
|
|
|2 ddc
|c BK
|
| 999 |
|
|
|c 47070
|d 47070
|
| 952 |
|
|
|0 0
|1 0
|2 ddc
|4 0
|6 650_000000000000000_GOF
|7 0
|9 76831
|a SCL
|b SCL
|c GEN
|d 2024-10-28
|e Savar Campus Library
|g 185.00
|l 0
|o 650 GOF
|p 3020043538
|r 2024-10-28
|t 1
|w 2024-10-28
|y BK
|x Price available in register. Savar Campus Library.
|